000
00211nam a22000857a 4500
008
170209b xxu||||| |||| 00| 0 eng d
100
_9
2834
_a
Bharat Scouts
245
_a
Hindi Scout book
260
_a
New delhi
_b
BS
_c
2008
999
_c
6051
_d
6051